Ochrana osobnosti I.

Verejnoprávna úprava ochrany osobnosti pri šírení reklamy. Ochrana osobnosti podľa Občianskeho zákonníka. Rozdiely medzi absolútnymi a relatívnymi a osobami verejného záujmu.

Gespeichert in:
Bibliographische Detailangaben
1. Verfasser: Vozár, Jozef
Format: Buchkapitel
Sprache:Slowakisch
Schlagworte:
Tags: Tag hinzufügen
Keine Tags, Fügen Sie das erste Tag hinzu!

MARC

LEADER 00000naa a2200000 4500
001 r036499
005 20230929100242.4
041 0 |a slo 
044 |a SK 
245 1 0 |a Ochrana osobnosti I.  |c Jozef Vozár 
520 |a Verejnoprávna úprava ochrany osobnosti pri šírení reklamy. Ochrana osobnosti podľa Občianskeho zákonníka. Rozdiely medzi absolútnymi a relatívnymi a osobami verejného záujmu. 
610 2 0 |a ochrana osobnosti 
610 2 0 |a reklama 
610 2 0 |a tvorba reklamy 
610 2 0 |a úpravy právne 
610 2 0 |a zákonník občiansky 
100 1 |a Vozár, Jozef